000 00578nam a22002297a 4500
003 UA-OsUOA
001 29722
007 ta
008 20041026b un ||||| |||| 00| 0 ukr d
090 _a7.071.1
_bТ19
942 _cBK
040 _aUA-OsUOA
_bukr
_cUA-OsUOA
_dUA-OsUOA
245 _aТарас Шевченко
_bАльбом
_cРед. Л.І.Масловська
300 _a346 с.
_bІлюстрації
955 _a0
041 _aukr
080 _a7.071.1
260 _aКиїв
_bМистецтво
_c1976
044 _aUA
650 7 _2UDC
999 _c316119
_d316119